书目信息 |
| 题名: |
1972年国际海上避碰规则
|
|
| 作者: | ;国家港务监督局 译 | |
| 分册: | ||
| 出版信息: | 北京 人民交通出版社 1978 |
|
| 页数: | 110页 | |
| 开本: | 19cm | |
| 丛书名: | ||
| 单 册: | ||
| 中图分类: | U692.1 | |
| 科图分类: | ||
| 主题词: | 海上交通-避碰规则--1972 , 避碰规则-海上交通--1972 | |
| 电子资源: | ||
| ISBN: | ||
| 000 | 00750nam0 2200241 45 | |
| 001 | 0178004131 | |
| 005 | 20060818112917.42 | |
| 010 | @dCNY0.32 | |
| 091 | @a6044.4022 | |
| 100 | @a19950727d1978 emky0chiy0121 ea | |
| 101 | 1 | @achi@ceng |
| 102 | @aCN@b110000 | |
| 105 | @ay n 000yy | |
| 200 | 10 | @a1972年国际海上避碰规则@A1972 nian guo ji hai shang bi peng gui ze@f国家港务监督局译 |
| 210 | @a北京@c人民交通出版社@d1978 | |
| 215 | @a110页@d19cm@e附英文本 | |
| 517 | 1 | @a国际海上避碰规则@Aguo ji hai shang bi peng gui ze |
| 606 | @a海上交通-避碰规则@z1972 | |
| 606 | @a避碰规则-海上交通@z1972 | |
| 690 | @aU692.1@v3 | |
| 711 | 02 | @a国家港务监督局@Aguo jia gang wu jian du ju@4译 |
| 801 | 0 | @aCN@bTSSF@c20060818 |
| 905 | @a10447@dU692.1@e127 | |
| 1972年国际海上避碰规则/国家港务监督局译.-北京:人民交通出版社,1978 |
| 110页;19cm+附英文本 |
| ISBN :CNY0.32 |
| ● |
| 相关链接 |
|
|
|
|
正题名:1972年国际海上避碰规则
索取号:U692.1/127
 
预约/预借
| 序号 | 登录号 | 条形码 | 馆藏地/架位号 | 状态 | 备注 |
| 1 | 0439348 | 204393487 | 密集书库/ [索取号:U692.1/127] | 在馆 | |
| 2 | 0465746 | 204657460 | 密集书库/ [索取号:U692.1/127] | 在馆 |